Destroy Lonely - Love Lasts Forever Tracklist - Statistics

General Stats
  • This quiz has been taken 74 times
  • The average score is 12 of 23
Answer Stats
songs % Correct
LOVE HURTS (with Lil Uzi Vert)
90%
FOREVER
82%
THRILL (with Ken Carson)
82%
SYRUP SIPPIN
80%
CADILLAC
78%
ABOUT MONEY - BONUS
57%
DOUBT IT
57%
LUV 4 YA
57%
PIMP TALK
57%
AMERIKA
55%
BABY MONEY
55%
LOCK IN
51%
PASS ME THE KEYS - BONUS
45%
NO WORRIES - BONUS
41%
HONESTLY
39%
SHIP HER OFF
39%
TAKE A TRIP
39%
CRYSTAL CLEAR
37%
WISH YOU WELL
37%
EXTRA HIGH
33%
PRETTIEST ONE
31%
SAY THAT
29%
GET RIGHT
27%
No matching quizzes found
Score Distribution
Percent of People with Each Score
Percentile by Number Answered
Your Score History
You have not taken this quiz